|
|
|
|
| LEADER |
00994Cam#a22003135a#4500 |
| 001 |
026053 |
| 003 |
AR-BeUNQ |
| 005 |
20181128093325.0 |
| 008 |
140409s2006||||ag # ##b #000|0#spa#d |
| 999 |
|
|
|c 23975
|d 99362
|
| 020 |
|
|
|a 9789871181599
|
| 040 |
|
|
|a AR-BeUNQ
|b spa
|
| 044 |
|
|
|a ag
|
| 082 |
0 |
4 |
|a 320.533
|2 21
|
| 100 |
1 |
|
|a Lvovich, Daniel.
|
| 245 |
0 |
3 |
|a El nacionalismo de derecha :
|b desde sus orígenes a Tacuara
|c Daniel Lvovich.
|
| 260 |
|
|
|a Buenos Aires :
|b Capital Intelectual,
|c 2006.
|
| 300 |
|
|
|a 93 p. ;
|c 19 cm.
|
| 490 |
1 |
|
|a Claves para todos / dirigida por José Nun
|
| 504 |
|
|
|a Bibliografía: p. 89-91.
|
| 650 |
|
7 |
|a Nacionalismo
|2 spines
|
| 650 |
|
7 |
|a Política
|2 spines
|
| 650 |
|
7 |
|a Ideologías
|2 spines
|
| 650 |
|
7 |
|a Fascismo
|2 spines
|
| 650 |
|
7 |
|a Independencia argentina
|2 tha
|
| 653 |
|
|
|a Historia argentina
|
| 830 |
|
0 |
|a Claves para todos (Capital intelectual).
|
| 929 |
|
|
|a DONACION
|b Margarita Pierini
|d 100,00
|e 20140305
|f PAT0053138
|g 2523
|j 51046
|
| 942 |
|
|
|c LIB
|n 0
|